Construcción laminar: elementos y estructuración / Fred Angerer (Registro nro. 3774)

Detalles MARC
000 -LEADER
fixed length control field 00469nam a22001811a 4500
001 - CONTROL NUMBER
control field 3774
003 - CONTROL NUMBER IDENTIFIER
control field OSt
005 - DATE AND TIME OF LATEST TRANSACTION
control field 20260204211903.0
008 - FIXED-LENGTH DATA ELEMENTS--GENERAL INFORMATION
fixed length control field 050216s1961||||sp ||||||b||||||||||spa||
050 ## - LIBRARY OF CONGRESS CALL NUMBER
Classification number 624.1779 A37c
082 ## - DEWEY DECIMAL CLASSIFICATION NUMBER
Classification number 624.1779 A37c
100 ## - ASIENTO PRINCIPAL -- NOMBRE PERSONAL
Personal name Angerer, Fred
245 ## - TÍTULO PROPIAMENTE DICHO: SUBTÍTULO
Title Construcción laminar: elementos y estructuración / Fred Angerer
264 ## - PRODUCTION, PUBLICATION, DISTRIBUTION, MANUFACTURE, AND COPYRIGHT NOTICE
Place of production, publication, distribution, manufacture España : Gustavo Gili
300 ## - PHYSICAL DESCRIPTION
Extensión 83 p
650 ## - ASIENTO SECUNDARIO DE MATERIA -- TERMINO TEMÁTICO
Termino Temático Como Elemento de Entrada 1.Construcciones LaminaresÌ
942 ## - ADDED ENTRY ELEMENTS (KOHA)
Source of classification or shelving scheme Dewey Decimal Classification
Koha item type Libros
Existencias
Withdrawn status Lost status Source of classification or shelving scheme Damaged status Not for loan Current library Date acquired Full call number Barcode Date last seen Price effective from Koha item type Total Checkouts
    Dewey Decimal Classification Dañado   Biblioteca UTECO 09/09/2019 624.1779 A37C 008363 09/09/2019 09/09/2019 Libros  
    Dewey Decimal Classification Dañado   Biblioteca UTECO 07/10/2023 624.1779 A37c   07/10/2023 07/10/2023 Libros  
© 2021 Derechos Reservados UTECO - Teléfono: +1 809-585-2291 - Correo electrónico: biblioteca@uteco.edu.do​  
Código postal 43000 ​​
Dirección: Avenida Universitaria No. 100, 
Cotuí, Provincia Sánchez Ramírez, República Dominicana - RNC: 404-00059-6